000 00509nam a2200181 a 4500
005 20140311163003.0
008 030224s19uu xx 00 eng d
020 _a0553262335
050 _aRA 784
_b.B649 1986
100 _aBliznakov, Emile G.
245 _aThe Miracle nutrient :
_bCoenzyme Q10 /
_cEmile G. Bliznakov.
300 _a240 p. :
_c17 cm.
521 _aNUR
650 _aUbiquinones
_xtherapeutic use
650 _aHeart diseases
_xchemoprevention
942 _cBK
_2lcc
_kLOC
999 _c39252
_d39252